| 000 -LEADER |
| fixed length control field |
00452nam a22001457a 4500 |
| 003 - CONTROL NUMBER IDENTIFIER |
| control field |
OSt |
| 005 - DATE AND TIME OF LATEST TRANSACTION |
| control field |
20200601123609.0 |
| 008 - FIXED-LENGTH DATA ELEMENTS--GENERAL INFORMATION |
| fixed length control field |
200601b ||||| |||| 00| 0 eng d |
| 020 ## - INTERNATIONAL STANDARD BOOK NUMBER |
| International Standard Book Number |
9780240807409 |
| 082 ## - DEWEY DECIMAL CLASSIFICATION NUMBER |
| Classification number |
770.3 |
| Item number |
PER |
| 100 ## - MAIN ENTRY--PERSONAL NAME |
| Personal name |
Peres, Michael R.; Peres, Michael R. |
| 245 ## - TITLE STATEMENT |
| Title |
The Focal encyclopedia of photography : digital imaging, theory and applications, history, and science |
| 260 ## - PUBLICATION, DISTRIBUTION, ETC. (IMPRINT) |
| Place of publication, distribution, etc |
New York |
| Name of publisher, distributor, etc |
Elsevier |
| Date of publication, distribution, etc |
4th April 2007 |
| 942 ## - ADDED ENTRY ELEMENTS (KOHA) |
| Source of classification or shelving scheme |
|